LDR 00524naa#a2200157#i#450# 001 EN\\bibl\110049 005 20260418171751.6 011 ## _a1994-4683 100 ## _a20240531b2024####ek#y0engy0150####ca 102 ## _aRU 200 1# _aFeatures of modern women's volleyball _eJournal article 210 1# _aMoscow _cNational State University of Physical Education, Sports and Health named after P.F. Lesgaft _d2024 215 ## _a3 с. 608 ## _aJournal article _2local 700 #1 _aMogil'nikov _gYuriy Valer'evich 856 4# _auchzapiski.lesgaft.spb.ru _u